Statistics for 15 Largest Cities in Angola🇦🇴

Click here to take the quiz!

General Stats

  • This quiz has been taken 25 times
  • The average score is 6 of 15

Answer Stats

PopulationCity% Correct
2.7 milLuanda
100%
151kBenguela
71%
66kCabinda
67%
226kHuambo
67%
102kLubango
67%
207kLobito
38%
87kMalanje
38%
80kNamibe
29%
60kUige
29%
113kCuito
24%
32kMenongue
24%
40kSaurimo
24%
33kSumbe
24%
383kN'dalatando
19%
67kSoio
14%

Score Distribution

Percentile by Number Answered

Percent of People with Each Score

Your Score History

You have not taken this quiz